00591nam a2200205 a 4500001001300000003000900013005001700022008004100039020002300080082001500103100002000118245006500138260004600203300000800249500003500257505002200292650002900314650002200343700002000365nice12345678IN_TiNIC20260116013340.0050524s1994 amsa grp 000 0 eng  a9053830 c10000a954.9bVER aVerkaaik, Oskar aPeople of Migrantsb Thnicity, State and Religion in Karachi aAmsterdambCentre for Asian Studiesc1994 a89p aincludes index and biblioraphy2 aNotes, References aPakistan-Ethnic Violence aViolence-Pakistan1 aVerkaaik, Oskar